000 01421nam0a22002771 4500
001 rc\4467332
005 20250611181936.0
021 _aRU
_bРг6787-60
035 _a(NLR Aleph) 008328490
090 _a8801960
_c8801960
100 _a20130416d1957 |||y0rusy50 ca
101 0 _arus
102 _aRU
105 _ay z |||||
200 1 _aАрхивы и архивное дело в СССР в период подготовки и проведения Великой Октябрьской социалистической революции
_aАрхивное строительство в СССР в период иностранной интервенции и гражданской войны
_e(Конспект лекций)
_fПод ред. проф. В.В. Максакова
_gМоск. гос. историко-архивный ин-т М-ва высш. образ. СССР. Кафедра истории и организации архивного дела
210 _aМосква
_cБ. и.
_d1957
215 _a[1], 90 л.
_d30
225 1 _aАрхивы и архивное дело в СССР
300 _aОтпеч. множит. аппаратом на одной стороне листа
700 1 _aВяликов
_bВ.И.
702 1 _aМаксаков
_bВ.В.
_4340
801 0 _aRU
_bNLR
_gpsbo
801 1 _aRU
_bELAR
_2rusmarc
852 _aNLR
_j60-9/192
942 _cBOOK
980 _aNB